| 000 | 01643nam a2200241Ia 4500 | ||
|---|---|---|---|
| 008 | 260220t1964||||xx |||||||||||||| ||spa|| | ||
| 040 |
_aPY-SlUNAC _bspa _erda |
||
| 041 | _aspa | ||
| 082 |
_a290 _bC957s |
||
| 100 |
_aCruset, Jose _eAutor |
||
| 245 | 0 |
_aSan Juan de Dios / _cpor Jose Cruset [Autor] |
|
| 264 |
_aBarcelona : _bAedos, _c℗1964. |
||
| 300 | _a1 volumen | ||
| 520 | _aEl libro "Cruset" de José San Juan de Dios, publicado en 1964 por Aedos en Barcelona, explora la complejidad de la identidad y la experiencia humana a través de una narrativa rica en simbolismo y metáforas. A lo largo de sus páginas, el autor despliega un universo donde los personajes enfrentan conflictos internos y externos que reflejan la lucha por el sentido de pertenencia y la búsqueda de la verdad personal. La prosa de San Juan de Dios se caracteriza por su profundidad poética y su capacidad para evocar emociones intensas, lo que permite al lector sumergirse en un viaje introspectivo. A medida que los personajes navegan por sus dilemas existenciales, se confrontan con la dualidad del ser y el deber social, lo que plantea preguntas sobre la autenticidad y la moralidad en un mundo en constante cambio. Este libro se erige como un estudio significativo de la condición humana, con una narrativa que invita a la reflexión sobre la vida y sus múltiples facetas. | ||
| 653 | _aHistoria de la literatura | ||
| 653 | _aLiteratura | ||
| 653 | _aLiteratura española | ||
| 942 |
_b2026/02/17 _cBK |
||
| 999 |
_c6877 _d6877 |
||